| 000 | 00680 a2200193 4500 | ||
|---|---|---|---|
| 020 | _a0072424346 | ||
| 040 |
_aDLC _bEnglish |
||
| 082 | 0 | 0 | _a511 |
| 100 | 1 | _aRosen, Kenneth H. | |
| 245 | 1 | 0 |
_aDiscrete mathematics and its applications _cKenneth H. Rosen. |
| 250 | _a5th ed. | ||
| 260 |
_aBoston : _bMcGraw-Hill, _cc2003. |
||
| 300 |
_axxi, 787, 9, 8, 83, 1, 18 p. : _bill. (some col.) ; _c26 cm. |
||
| 650 | 0 | _aMathematics. | |
| 650 | 0 |
_aComputer science _xMathematics. |
|
| 856 | 4 | 2 |
_3Publisher description _uhttp://www.loc.gov/catdir/description/mh024/2002070890.html |
| 856 | 4 | 2 |
_3Table of contents _uhttp://www.loc.gov/catdir/toc/mh031/2002070890.html |
| 942 |
_cBK _k511 ROS _2ddc |
||
| 999 |
_c4506 _d4506 |
||